000
00298nam a22001337a 4500
008
171129b xxu||||| |||| 00| 0 eng d
020
_a
9780198611332
041
_a
eng
080
_a
038
100
_a
23
101
_a
FJA
245
_a
THE POCKET OXFORD DICTIONARY
_c
FOWLER,H.W
942
_2
udc
_c
BK
999
_c
38603
_d
38603